First 5 Lines of BFDI 1a - Statistics

General Stats
  • This quiz has been taken 424 times
    422 since last reset
  • The average score is 37 of 49
Answer Stats
Hint Answer % Correct
Line 1 (Match) I
99%
Line 3 (Match) I
99%
Line 1 (Match) Yeah
97%
Line 5 (Match) yeah.
97%
Line 1 (Match) was
95%
Line 5 (Match) was
95%
Line 1 (Match) know,
93%
Line 1 (Match) so
93%
Line 5 (Match) so
93%
Line 1 (Match) she
91%
Line 5 (Match) she
91%
Line 5 (Match) she
91%
Line 3 (Match) a
89%
Line 3 (Match) Flower
89%
Line 4 (Pencil) Flower
89%
Line 5 (Match) Flower
89%
Line 3 (Match) bug,
87%
Line 2 (Pencil) Really?
87%
Line 4 (Pencil) really
87%
Line 3 (Match) it
83%
Line 3 (Match) crazy!
81%
Line 3 (Match) but
80%
Line 3 (Match) went
79%
Line 3 (Match) big,
78%
Line 3 (Match) wasn't
77%
Line 3 (Match) just
76%
Line 3 (Match) little
76%
Line 4 (Pencil) is
75%
Line 1 (Match) surprised.
75%
Line 3 (Match) very
74%
Line 4 (Pencil) afraid
71%
Line 4 (Pencil) bugs.
71%
Line 4 (Pencil) of
70%
Line 3 (Match) mean,
66%
Line 3 (Match) for
64%
Line 3 (Match) sure!
64%
Line 3 (Match) Oh,
63%
Line 5 (Match) Icy
62%
Line 4 (Pencil) OMG,
60%
Line 5 (Match) Like
59%
Line 5 (Match) beautiful.
56%
Line 5 (Match) asked
54%
Line 5 (Match) if
53%
Line 5 (Match) the
51%
Line 5 (Match) thinks
51%
Line 5 (Match) she's
50%
Line 5 (Match) time
49%
Line 5 (Match) fabulous.
47%
Line 5 (Match) Well
40%
No matching quizzes found
Score Distribution
Percent of People with Each Score
Percentile by Number Answered
Your Score History
You have not taken this quiz since the last reset